| 000 | 01112nam a2200325Ia 4500 | ||
|---|---|---|---|
| 003 | OSt | ||
| 005 | 20220912150637.0 | ||
| 006 | a|||||r|||| 00| 0 | ||
| 007 | ta | ||
| 008 | 220909b |||||||| |||| 00| 0 eng d | ||
| 020 | _a9812565183 (hbd) | ||
| 024 | _a16857 | ||
| 037 | _b282, 24/01/2006, Ashutosh Technical Books | ||
| 037 | _cTextual | ||
| 040 |
_aCSL _beng _cCSL |
||
| 041 | _aeng | ||
| 082 | _aB2T0bX62, P5 | ||
| 100 | _aPasiouras Fotios | ||
| 245 | 0 | _aApplication of quantitative techniques for prediction of bank acquisition targets | |
| 260 |
_aNew Jersey _b World Scientific Publishing Co.Pte.Ltd. _c2005 |
||
| 300 |
_axiii,278p. _ccm. |
||
| 490 | _aSeries on computers and operations research; 5 | ||
| 500 |
_aBibliography 257-276p. _ccm.; Index 277-278p. _ccm. |
||
| 650 | _a Bank acquisition targets | ||
| 650 | _aStatistics | ||
| 700 | _a Tanna Sailesh | ||
| 700 | _a Zopounidis Constantin | ||
| 942 |
_hB2T0bX62, P5 _cTEXL _2CC |
||
| 999 |
_c51734 _d51734 |
||